| 000 | 00768nam a22002057a 4500 | ||
|---|---|---|---|
| 005 | 20230928122743.0 | ||
| 008 | 230928b mx |||||||| |||| 00| 0 spa d | ||
| 020 | _a9786073045995 | ||
| 050 | 0 | 4 |
_aML1715.4 _bR47 2021 |
| 245 | 0 | 3 |
_aEl rescate patrimonial del siglo XIX mexicano _b: ópera, literatura, arquitectura y teatro _c/ editores Áurea Maya, Verónica Murúa y Charles Oppenheim. |
| 250 | _a1a ed. | ||
| 260 |
_aMéxico : _buniversidad Nacional Autónoma de México, _c2021 |
||
| 300 |
_a223 p : _bil. ; _c31 cm. |
||
| 504 | _aIncluye bibliografías | ||
| 650 | 7 |
_2lemb _aOpera mexicana _ySiglo XIX |
|
| 700 | 1 |
_aMaya, Áurea, _eeditor |
|
| 700 | 1 |
_aMurúa, Verónica, _eeditor |
|
| 700 | 1 |
_aOppenheim, Charles, _eeditor |
|
| 942 |
_2lcc _cLIB |
||
| 999 |
_c53630 _d53630 |
||